Searchlights on Baloches and Balochistan (Record no. 549773)
[ view plain ]
| 000 -LEADER | |
|---|---|
| fixed length control field | 00512nam a2200169Ia 4500 |
| 020 ## - INTERNATIONAL STANDARD BOOK NUMBER | |
| International Standard Book Number | (hb) |
| 082 ## - DEWEY DECIMAL CLASSIFICATION NUMBER | |
| Classification number | 959.915 |
| Author Mark | BAK |
| -- | L-28, P-95 |
| 100 ## - MAIN ENTRY--PERSONAL NAME | |
| Personal name | Mir Khuda Bakhsh |
| 9 (RLIN) | 46434 |
| 245 ## - TITLE STATEMENT | |
| Title | Searchlights on Baloches and Balochistan |
| 260 ## - PUBLICATION, DISTRIBUTION, ETC. | |
| Place of publication, distribution, etc. | Karachi: |
| Name of publisher, distributor, etc. | Royal Book Company, |
| Date of publication, distribution, etc. | 1974 |
| 300 ## - PHYSICAL DESCRIPTION | |
| Extent | 387p. :ill. |
| 526 ## - STUDY PROGRAM INFORMATION NOTE | |
| Program name | 0 |
| Interest level | 0 |
| Reading level | 0 |
| Title point value | 959_915000000000000_BAK |
| 650 ## - SUBJECT ADDED ENTRY--TOPICAL TERM | |
| Topical term or geographic name entry element | Baluchi (Pakistani People) -- History |
| 9 (RLIN) | 46435 |
| 650 ## - SUBJECT ADDED ENTRY--TOPICAL TERM | |
| Topical term or geographic name entry element | Baluchistan (Pakistan) -- History |
| 9 (RLIN) | 46436 |
| 650 ## - SUBJECT ADDED ENTRY--TOPICAL TERM | |
| Topical term or geographic name entry element | MCE |
| 9 (RLIN) | 379 |
| 942 ## - ADDED ENTRY ELEMENTS (KOHA) | |
| Source of classification or shelving scheme | |
| Koha item type | Book |
| Withdrawn status | Lost status | Source of classification or shelving scheme | Damaged status | Not for loan | Permanent Location | Current Location | Date acquired | Total Checkouts | Full call number | Barcode | Date last seen | Date last checked out | Price effective from | Koha item type |
|---|---|---|---|---|---|---|---|---|---|---|---|---|---|---|
| Military College of Engineering (MCE) | Military College of Engineering (MCE) | 10/14/2014 | 1 | 959.915 BAK | MCE-3882 | 10/13/2016 | 09/28/2016 | 10/14/2014 | Book |
